<Die> Arbeitsmotivation von Führungskräften in der Wirtschaft <eine> empirische Untersuchung
Saved in:
| Main Author: | |
|---|---|
| Format: | Book |
| Language: | German |
| Published: |
Stuttgart
Betriebswirtschaftliches Institut der Universität
1980
|
| Tags: |
No Tags, Be the first to tag this record!
|
MARC
| LEADER | 00000nam a2200000 4500 | ||
|---|---|---|---|
| 001 | c137868 | ||
| 005 | 20041019155311.3 | ||
| 041 | 0 | |a ger | |
| 044 | |a DE | ||
| 245 | 1 | 0 | |a <Die> Arbeitsmotivation von Führungskräften in der Wirtschaft |b <eine> empirische Untersuchung |c Walter Nowag |
| 264 | 1 | |a Stuttgart |b Betriebswirtschaftliches Institut der Universität |c 1980 | |
| 300 | |a 276 s. | ||
| 100 | 1 | |a Nowag, Walter | |